Online
Catalog

El Santuario Protohistórico de Zalamea de la Serena, Badajoz : (Record no. 41400)

MARC details
000 -CABECERA
campo de control de longitud fija 00714nam a2200181 a 4500
001 - NÚMERO DE CONTROL
campo de control 000041911
005 - FECHA Y HORA DE LA ÚLTIMA TRANSACCIÓN
campo de control 20201002035827.0
008 - DATOS DE LONGITUD FIJA--INFORMACIÓN GENERAL
campo de control de longitud fija 131022s1983 sp a 000 0 spa d
020 ## - NÚMERO INTERNACIONAL ESTÁNDAR DEL LIBRO
Número Internacional Estándar del Libro 8460031705
040 ## - FUENTE DE LA CATALOGACIÓN
Centro catalogador/agencia de origen DO-SdBNP
Lengua de catalogación spa
Centro/agencia transcriptor BNPHU
100 1# - ENTRADA PRINCIPAL--NOMBRE DE PERSONA
Nombre de persona Maluquer de Motes, J.
9 (RLIN) 68801
245 13 - MENCIÓN DE TÍTULO
Título El Santuario Protohistórico de Zalamea de la Serena, Badajoz :
Resto del título 1978-1981 /
Mención de responsabilidad, etc. J. Maluquer de Motes.
260 ## - PUBLICACIÓN, DISTRIBUCIÓN, ETC.
Lugar de publicación, distribución, etc. Barcelona :
Nombre del editor, distribuidor, etc. CSIC,
Fecha de publicación, distribución, etc. 1983.
300 ## - DESCRIPCIÓN FÍSICA
Extensión v. (410 p. LII h. lám.) :
Otras características físicas il. ;
Dimensiones 30 cm.
504 ## - NOTA DE BIBLIOGRAFÍA, ETC.
Nota de bibliografía, etc. Incluye referencias bibliográficas y notas al pie de las páginas
505 2# - NOTA DE CONTENIDO CON FORMATO
Nota de contenido con formato v. 4
Título Programa de investigaciones protohistórica
710 2# - PUNTO DE ACCESO ADICIONAL--NOMBRE DE ENTIDAD CORPORATIVA
Nombre de entidad corporativa o nombre de jurisdicción como elemento de entrada Consejo Superior de Investigaciones Científicas(España)
9 (RLIN) 67719
Holdings
Estado de retiro Estado de pérdida Restricciones de uso No para préstamo Código de colección Localización permanente Ubicación/localización actual Ubicación en estantería Fecha de adquisición Número de inventario Total de préstamos Signatura topográfica completa Código de barras Fecha visto por última vez Precio válido a partir de Tipo de ítem Koha
      Excluido de préstamo Monografías: Libros y Folletos General General En catalogación 22.10.2013 LF1   v. 4 41911-10 25.06.2020 25.06.2020 No se presta
        Monografías: Libros y Folletos General General Orden iniciada 19.11.2013 LF1   41911-20 25.06.2020 25.06.2020 No se presta

Powered by Koha